000 00992nam a2200265 i 4500
003 OSt
005 20260316124215.0
008 260316s2025 my a gr 001 0 may d
020 _a9786297570808
_cRM 20.00
_qpaperback
040 _aPPAK
_beng
_cPPAK
_erda
082 0 4 _223
_a616.84982
090 0 0 _a616.84982
_bTEN
_dG
100 0 _aTengku Mohd Saifuddin Tengku Kamarulbahri,
_eauthor.
245 1 0 _aLENA :
_bHentikan Masa, Mimpikan Bahagia /
_cTengku Mohd Saifuddin ; Editor: Muhd Khairul Adhwa bin Abdul Halim
264 1 _aKajang, Selangor :
_bAras Mega (M) Sdn. Bhd.,
_c[2025?]
300 _aix, 83 pages :
_billustrations ;
_c21 cm
336 _atext
_2rdacontent
337 _aunmediated
_2rdamedia
338 _avolume
_2rdacarrier
504 _aIncludes bibliographical references and index
650 1 0 _aInsomnia, Sleep disorders
650 2 0 _aInsomnia
_2Alternative treatment
700 0 _aMuhd Khairul Adhwa bin Abdul Halim,
_eeditor.
942 _2ddc
_cB
999 _c203448
_d203448